| 000 | 00517nam a2200169 i 4500 | ||
|---|---|---|---|
| 001 | 81035 | ||
| 003 | ES-MaACL | ||
| 005 | 20230906174344.0 | ||
| 007 | t| | ||
| 008 | 041102s1968 sp ||||1| spa d | ||
| 100 | 1 |
_aHofinger, Johannes. _963958 |
|
| 245 | 1 | 0 |
_aABC de la catequésis moderna / _cJ. Hofinger, W.J. Reedy ; [versión castellana de J. Vallverdú]. |
| 260 |
_aBarcelona : _bHerder, _c1968. |
||
| 300 |
_a176 p. ; _c20 cm. |
||
| 700 | 1 |
_aVallverdú, Josep. _9112965 |
|
| 852 |
_aES-MaACL _jC-50344 _bR.66869 |
||
| 999 |
_c81035 _d81035 |
||